Concurrent delays (Record no. 77410)
[ view plain ]
| 000 -LEADER | |
|---|---|
| fixed length control field | 01152cab a2200241 4500 |
| 001 - CONTROL NUMBER | |
| control field | ##L134210 |
| 008 - FIXED-LENGTH DATA ELEMENTS--GENERAL INFORMATION | |
| fixed length control field | 060718n2006 000 0 eng u |
| 035 ## - SYSTEM CONTROL NUMBER | |
| System control number | (Sirsi) u134210 |
| 041 0# - LANGUAGE CODE | |
| Language code of text/sound track or separate title | eng |
| 100 1# - MAIN ENTRY--PERSONAL NAME | |
| Personal name | Di Paola, Luigi |
| 245 00 - TITLE STATEMENT | |
| Title | Concurrent delays |
| 260 ## - PUBLICATION, DISTRIBUTION, ETC. | |
| Date of publication, distribution, etc. | 2006 |
| 490 #0 - SERIES STATEMENT | |
| Series statement | International Construction Law Review |
| Volume/sequential designation | 23(3) July 2006, 373-385(13) |
| 520 ## - SUMMARY, ETC. | |
| Summary, etc. | Concurrent delay occurs where a contractor's delays either partially or wholly take place concurrently with delays by the employer. This article examines the various approaches adopted by English common law and Italian civil law to concurrent delay. Considers the capabilities and limits of the critical path method, classification of delays, and the delay and disruption protocol of the Society of Construction Law. |
| 590 ## - LOCAL NOTE (RLIN) | |
| Local note | IKA180706 |
| 650 24 - SUBJECT ADDED ENTRY--TOPICAL TERM | |
| Topical term or geographic name entry element | SOCIETY OF CONSTRUCTION LAW DELAY AND DISRUPTION PROTOCOL |
| 650 24 - SUBJECT ADDED ENTRY--TOPICAL TERM | |
| Topical term or geographic name entry element | HENRY BOOT CONSTRUCTION (UK) V MALMAISON HOTEL (MANCHESTER) |
| 651 #4 - SUBJECT ADDED ENTRY--GEOGRAPHIC NAME | |
| Geographic name | England |
| Chronological subdivision | 886- |
| 651 #4 - SUBJECT ADDED ENTRY--GEOGRAPHIC NAME | |
| Geographic name | ITALY |
| 690 ## - LOCAL SUBJECT ADDED ENTRY--TOPICAL TERM (OCLC, RLIN) | |
| Topical term or geographic name as entry element | BUILT ENVIRONMENT-CONSTRUCTION MANAGEMENT-BUILDING CONTRACT ADMINISTRATION |
| 700 1# - ADDED ENTRY--PERSONAL NAME | |
| Personal name | Spanu, Paolo |
| 942 ## - ADDED ENTRY ELEMENTS (KOHA) | |
| Suppress in OPAC | 0 |
| Withdrawn status | Lost status | Source of classification or shelving scheme | Damaged status | Not for loan | Home library | Current library | Shelving location | Date acquired | Total Checkouts | Full call number | Barcode | Date last seen | Copy number | Price effective from | Koha item type |
|---|---|---|---|---|---|---|---|---|---|---|---|---|---|---|---|
| Dewey Decimal Classification | London | London | Journal article | 18/07/2006 | L134210 | 134210-1001 | 06/08/2019 | 1 | 06/08/2019 | Journal article |